000 00812nam a22002297a 4500
999 _c5540
_d5540
003 AR-CdUCM
008 190312b ||||| |||| 00| 0 spa d
040 _aMUNICIPALIDAD PROVINCIAL DEL CUSCO
_cBIBLIOTECA MUNICIPAL DEL CUSCO
041 _heng
082 _a830.99 /
_bG85
100 _aGrenzmann, Wilhelm
_916603
245 _aProblemas y figuras de la literatura contemporánea /
260 _aMadrid :
_bEditorial Griegos,
_c1961.
300 _a385 páginas ;
_c20 cm.
500 _aDonación familia Luis Nieto
505 _aContenido: Paul Claudel -- Georges Bernanos -- Francois Mauriac -- André Gide -- Jean Paul Sartre -- Albert Camus...
650 _aAutores alemanes
_910894
650 _aBiobibliografía
_97105
650 _aHistoria y crítica
_95993
942 _2ddc
_cLIBROS
945 _adavv